| 000 | 00784nam0a22002411 4500 | ||
|---|---|---|---|
| 001 | rc\668269 | ||
| 005 | 20250621203907.0 | ||
| 035 | _a(NLR Aleph) 005907038 | ||
| 090 |
_a6337132 _c6337132 |
||
| 100 | _a20031121d1986 |||y0rusy50 ca | ||
| 101 | 0 | _arus | |
| 102 | _aRU | ||
| 105 | _ay ||||||||| | ||
| 200 | 1 |
_aОб обычаях и законах горцев _eТрадиц. и обществ. ин-ты в сов. ист. науке |
|
| 210 |
_aНальчик _cЭльбрус _d1986 |
||
| 215 |
_a150, [2] с. _d21 |
||
| 320 | _aБиблиогр. в примеч.: с. 138-151 | ||
| 700 | 1 |
_aМусукаев _bА.И. _gАлександр Ибрагимович |
|
| 801 | 0 |
_aRU _bNLR _gpsbo |
|
| 801 | 1 |
_aRU _bELAR _2rusmarc |
|
| 852 |
_aNLR _j85-3/14767 |
||
| 942 | _cBOOK | ||
| 980 | _aNB | ||